<?xml version="1.0" encoding="UTF-8"?>
<record
    xmlns:xsi="http://www.w3.org/2001/XMLSchema-instance"
    xsi:schemaLocation="http://www.loc.gov/MARC21/slim http://www.loc.gov/standards/marcxml/schema/MARC21slim.xsd"
    xmlns="http://www.loc.gov/MARC21/slim">

  <leader>00886nam a22002177a 4500</leader>
  <controlfield tag="005">20231221165401.0</controlfield>
  <controlfield tag="008">110317t        xxu||||| |||| 00| 0 eng d</controlfield>
  <datafield tag="010" ind1=" " ind2=" ">
    <subfield code="a">B-756922-927</subfield>
  </datafield>
  <datafield tag="020" ind1=" " ind2=" ">
    <subfield code="a">9788196200411</subfield>
    <subfield code="c">810.00</subfield>
  </datafield>
  <datafield tag="035" ind1=" " ind2=" ">
    <subfield code="a">B-756922-927</subfield>
  </datafield>
  <datafield tag="037" ind1=" " ind2=" ">
    <subfield code="b">Pragati Publication</subfield>
  </datafield>
  <datafield tag="082" ind1=" " ind2=" ">
    <subfield code="a">347.54</subfield>
  </datafield>
  <datafield tag="100" ind1="1" ind2=" ">
    <subfield code="9">26630</subfield>
    <subfield code="a">Gupta, Kamal Mohan</subfield>
  </datafield>
  <datafield tag="245" ind1="1" ind2="0">
    <subfield code="a">Civil Court Practice And Procedure/</subfield>
    <subfield code="c">By- Kamal Mohan Gupta</subfield>
  </datafield>
  <datafield tag="260" ind1=" " ind2=" ">
    <subfield code="a">Delhi</subfield>
    <subfield code="b">Whitesmann Publishing</subfield>
    <subfield code="c">2023</subfield>
  </datafield>
  <datafield tag="270" ind1=" " ind2=" ">
    <subfield code="a">121-122, Rajendra Market, Near Telephone Exchange, Opp. Tishazari Court Gate No. 3, </subfield>
    <subfield code="b">Delhi</subfield>
    <subfield code="e">110054</subfield>
  </datafield>
  <datafield tag="300" ind1=" " ind2=" ">
    <subfield code="a">xxxvii,511 p.</subfield>
    <subfield code="c">24cm (pbk)</subfield>
  </datafield>
  <datafield tag="500" ind1=" " ind2=" ">
    <subfield code="a">Includes index</subfield>
  </datafield>
  <datafield tag="942" ind1=" " ind2=" ">
    <subfield code="2">ddc</subfield>
    <subfield code="c">EN</subfield>
    <subfield code="m">GUP</subfield>
    <subfield code="h">347.54</subfield>
  </datafield>
  <datafield tag="999" ind1=" " ind2=" ">
    <subfield code="c">199475</subfield>
    <subfield code="d">199475</subfield>
  </datafield>
  <datafield tag="952" ind1=" " ind2=" ">
    <subfield code="0">0</subfield>
    <subfield code="1">0</subfield>
    <subfield code="2">ddc</subfield>
    <subfield code="4">0</subfield>
    <subfield code="7">0</subfield>
    <subfield code="8">NFIC</subfield>
    <subfield code="a">L</subfield>
    <subfield code="b">L</subfield>
    <subfield code="d">2023-12-21</subfield>
    <subfield code="e">Pragati Publications/12/29.11.23/46/23.11.23/7.12.23</subfield>
    <subfield code="g">810.00</subfield>
    <subfield code="l">1</subfield>
    <subfield code="o">GUP 347.54</subfield>
    <subfield code="p">B-756922</subfield>
    <subfield code="r">2024-07-01 00:00:00</subfield>
    <subfield code="s">2024-06-19</subfield>
    <subfield code="t">1</subfield>
    <subfield code="v">810.00</subfield>
    <subfield code="w">2023-12-21</subfield>
    <subfield code="y">EN</subfield>
  </datafield>
  <datafield tag="952" ind1=" " ind2=" ">
    <subfield code="0">0</subfield>
    <subfield code="1">0</subfield>
    <subfield code="2">ddc</subfield>
    <subfield code="4">0</subfield>
    <subfield code="7">0</subfield>
    <subfield code="8">NFIC</subfield>
    <subfield code="a">M</subfield>
    <subfield code="b">M</subfield>
    <subfield code="d">2023-12-21</subfield>
    <subfield code="e">Pragati Publications/12/29.11.23/46/23.11.23/7.12.23</subfield>
    <subfield code="g">810.00</subfield>
    <subfield code="l">0</subfield>
    <subfield code="o">GUP 347.54</subfield>
    <subfield code="p">B-756923</subfield>
    <subfield code="r">2023-12-21 00:00:00</subfield>
    <subfield code="t">2</subfield>
    <subfield code="v">810.00</subfield>
    <subfield code="w">2023-12-21</subfield>
    <subfield code="y">EN</subfield>
  </datafield>
  <datafield tag="952" ind1=" " ind2=" ">
    <subfield code="0">0</subfield>
    <subfield code="1">0</subfield>
    <subfield code="2">ddc</subfield>
    <subfield code="4">0</subfield>
    <subfield code="7">0</subfield>
    <subfield code="8">NFIC</subfield>
    <subfield code="a">AV</subfield>
    <subfield code="b">AV</subfield>
    <subfield code="d">2023-12-21</subfield>
    <subfield code="e">Pragati Publications/12/29.11.23/46/23.11.23/7.12.23</subfield>
    <subfield code="g">810.00</subfield>
    <subfield code="l">0</subfield>
    <subfield code="o">GUP 347.54</subfield>
    <subfield code="p">B-756924</subfield>
    <subfield code="r">2023-12-21 00:00:00</subfield>
    <subfield code="t">3</subfield>
    <subfield code="v">810.00</subfield>
    <subfield code="w">2023-12-21</subfield>
    <subfield code="y">EN</subfield>
  </datafield>
  <datafield tag="952" ind1=" " ind2=" ">
    <subfield code="0">0</subfield>
    <subfield code="1">0</subfield>
    <subfield code="2">ddc</subfield>
    <subfield code="4">0</subfield>
    <subfield code="7">0</subfield>
    <subfield code="8">NFIC</subfield>
    <subfield code="a">BL1</subfield>
    <subfield code="b">BL1</subfield>
    <subfield code="d">2023-12-21</subfield>
    <subfield code="e">Pragati Publications/12/29.11.23/46/23.11.23/7.12.23</subfield>
    <subfield code="g">810.00</subfield>
    <subfield code="l">5</subfield>
    <subfield code="o">GUP 347.54</subfield>
    <subfield code="p">B-756925</subfield>
    <subfield code="r">2024-07-04 00:00:00</subfield>
    <subfield code="s">2024-07-04</subfield>
    <subfield code="t">4</subfield>
    <subfield code="v">810.00</subfield>
    <subfield code="w">2023-12-21</subfield>
    <subfield code="y">EN</subfield>
  </datafield>
  <datafield tag="952" ind1=" " ind2=" ">
    <subfield code="0">0</subfield>
    <subfield code="1">0</subfield>
    <subfield code="2">ddc</subfield>
    <subfield code="4">0</subfield>
    <subfield code="7">0</subfield>
    <subfield code="8">NFIC</subfield>
    <subfield code="a">ZLS</subfield>
    <subfield code="b">ZLS</subfield>
    <subfield code="d">2023-12-21</subfield>
    <subfield code="e">Pragati Publications/12/29.11.23/46/23.11.23/7.12.23</subfield>
    <subfield code="g">810.00</subfield>
    <subfield code="l">3</subfield>
    <subfield code="m">2</subfield>
    <subfield code="o">GUP 347.54</subfield>
    <subfield code="p">B-756926</subfield>
    <subfield code="r">2024-10-17 00:00:00</subfield>
    <subfield code="s">2024-09-30</subfield>
    <subfield code="t">5</subfield>
    <subfield code="v">810.00</subfield>
    <subfield code="w">2023-12-21</subfield>
    <subfield code="y">EN</subfield>
  </datafield>
  <datafield tag="952" ind1=" " ind2=" ">
    <subfield code="0">0</subfield>
    <subfield code="1">0</subfield>
    <subfield code="2">ddc</subfield>
    <subfield code="4">0</subfield>
    <subfield code="7">0</subfield>
    <subfield code="8">NFIC</subfield>
    <subfield code="a">BL4</subfield>
    <subfield code="b">BL4</subfield>
    <subfield code="d">2023-12-21</subfield>
    <subfield code="e">Pragati Publications/12/29.11.23/46/23.11.23/7.12.23</subfield>
    <subfield code="g">810.00</subfield>
    <subfield code="l">5</subfield>
    <subfield code="m">4</subfield>
    <subfield code="o">GUP 347.54</subfield>
    <subfield code="p">B-756927</subfield>
    <subfield code="q">2026-05-16</subfield>
    <subfield code="r">2026-05-02 12:32:29</subfield>
    <subfield code="s">2026-05-02</subfield>
    <subfield code="t">6</subfield>
    <subfield code="v">810.00</subfield>
    <subfield code="w">2023-12-21</subfield>
    <subfield code="y">EN</subfield>
  </datafield>
</record>
